Organizácie kolektívnej správy na Slovensku a ich výkon ochrany autorských práv diplomová práca

Enregistré dans:
Détails bibliographiques
Auteur principal: Kužmová, Anna
Collectivité auteur: Fakulta podnikového manažmentu EU. Katedra podnikovohospodárska
Autres auteurs: Kmety Barteková, Mária, 1992-
Format: Livre
Langue:slovaque
Publié: Bratislava 2024
Tags: Ajouter un tag
Pas de tags, Soyez le premier à ajouter un tag!

MARC

LEADER 00000nbm a2200000 4500
001 0300913
005 20250904142901.5
041 0 |a slo 
044 |a SK 
245 1 0 |a Organizácie kolektívnej správy na Slovensku a ich výkon ochrany autorských práv  |b diplomová práca  |c Anna Kužmová ; školiteľ: Mária Kmety Barteková 
264 1 |a Bratislava  |c 2024 
300 |a 83 s. 
100 1 |a Kužmová, Anna 
700 1 |a Kmety Barteková, Mária, 1992- 
710 2 |a Fakulta podnikového manažmentu EU. Katedra podnikovohospodárska